Sports Quiz

Random Sports or Baseball Quiz

Who Won That MLB Series? (2000-2010) Quiz Stats

 Plays Quiz not verified by Sporcle

Score 0/30 Timer 04:00
0 Plays Today
Series Result % Correct
2009 WSYankees in 6
87.3%
2001 WSDiamondbacks in 7
86.1%
2006 WSCardinals in 5
86.1%
2007 WSRed Sox in 4
85.4%
2000 ALCSYankees in 6
84.8%
2007 ALCSRed Sox in 7
84.8%
2009 ALCSYankees in 6
84.8%
2004 ALCSRed Sox in 7
84.2%
2004 WSRed Sox in 4
84.2%
2008 NLCSPhillies in 5
83.5%
2001 NLCSDiamondbacks in 5
83.5%
2000 WSYankees in 5
83.5%
2008 WSPhillies in 5
83.5%
2002 WSAngels in 7
82.9%
2006 NLCSCardinals in 7
82.3%
Series Result % Correct
2009 NLCSPhillies in 5
82.3%
2000 NLCSMets in 5
82.3%
2001 ALCSYankees in 5
81.6%
2005 ALCSWhite Sox in 5
79.7%
2008 ALCSRays in 7
79.7%
2004 NLCSCardinals in 7
79.1%
2003 WSMarlins in 6
79.1%
2005 WSWhite Sox in 4
79.1%
2002 ALCSAngels in 5
78.5%
2003 ALCSYankees in 7
78.5%
2006 ALCSTigers in 4
77.8%
2003 NLCSMarlins in 7
77.2%
2005 NLCSAstros in 6
75.3%
2002 NLCSGiants in 5
74.7%
2007 NLCSRockies in 4
72.2%

You're not logged in!

Compare scores with friends on all Sporcle quizzes.
OR
Log In

Show Comments

Extras

Top Quizzes Today


Score Distribution

Your Account Isn't Verified!

In order to create a playlist on Sporcle, you need to verify the email address you used during registration. Go to your Sporcle Settings to finish the process.

Report this User

Report this user for behavior that violates our Community Guidelines.

Details: